Od summitu o trvalo udržateľnom rozvoji sa veľa očakáva

Summit o trvalo udržateľnom rozvoji v Johannesburgu od 26. augusta do 4. septembra 2002. Definovanie pojmu trvalo udržateľný rozvoj. Zastúpenie na summite. Summit a Slovensko.

Enregistré dans:
Détails bibliographiques
Auteur principal: Sťahel, Richard
Format: Chapitre de livre
Langue:slovaque
Sujets:
Tags: Ajouter un tag
Pas de tags, Soyez le premier à ajouter un tag!

MARC

LEADER 00000naa a2200000 4500
001 r045890
005 20230925130127.6
041 0 |a slo 
044 |a SK 
245 1 0 |a Od summitu o trvalo udržateľnom rozvoji sa veľa očakáva  |c Richard Sťahel 
520 |a Summit o trvalo udržateľnom rozvoji v Johannesburgu od 26. augusta do 4. septembra 2002. Definovanie pojmu trvalo udržateľný rozvoj. Zastúpenie na summite. Summit a Slovensko. 
610 2 0 |a summity 
610 2 0 |a rozvoj trvalo udržateľný 
610 2 0 |a globalizácia 
610 2 0 |a prostredie životné 
610 2 0 |a spotreba obyvateľstva 
610 2 0 |a svet 
610 2 0 |a Slovensko 
100 1 |a Sťahel, Richard